Tiere mit "R" aufzählen - Statistiken

Allgemein
  • Dieses Quiz wurde 356 mal gespielt
  • Das Durchschnittsergebnis liegt bei 11 aus 35
Antwortstatistiken
Tier mit R % Korrekt
Ratte
86%
Rabe
78%
Reh
78%
Regenwurm
60%
Raupe
54%
Rind
54%
Reiher
51%
Rotkehlchen
51%
Robbe
50%
Ringelnatter
47%
Rentier
44%
Rhinozeros
41%
Rotfuchs
34%
Rebhuhn
32%
Roter Panda
31%
Rottweiler
29%
Rochen
28%
Rüsselkäfer
23%
Rosenkäfer
22%
Rothirsch
22%
Rauhaardackel
19%
Reblaus
19%
Rhesusaffe
19%
Riesenkalmar
18%
Rotbarsch
18%
Rotmilan
18%
Regenbogenforelle
17%
Riesenschildkröte
17%
Reptil
15%
Retriever
13%
Rauchschwalbe
11%
Rennmaus
10%
Riesengarnele
6%
Ringeltaube
4%
Rotbauchunke
1%
Keine übereinstimmenden Quizze gefunden
Verteilung der Resultate
Anzahl Personen mit jedem Resultat
Perzentil nach korrekt beantworteten Fragen
Ihre Resultats-Entwicklung
Sie haben dieses Quiz noch nicht gespielt